[Event "Auckland Anniversary op"]
[Site "Auckland"]
[Date "2023.01.29"]
[Round "5"]
[White "Jiang, Patrick"]
[Black "Zhao, Oliver"]
[Result "1/2-1/2"]
[WhiteElo "1398"]
[BlackElo "1264"]
[PlyCount "61"]
[EventDate "2023.01.28"]
[EventType "swiss"]
[EventRounds "6"]
[EventCountry "NZL"]
[SourceTitle "EXT 2024"]
[Source "ChessBase"]
[SourceDate "2023.10.10"]
[SourceVersion "1"]
[SourceVersionDate "2023.10.10"]
[SourceQuality "1"]

1. d4 d5 2. Nf3 Nf6 3. g3 g6 4. Bg2 Bg7 5. 0-0 0-0 6. b3 b6 7. Bb2 Bb7 8. Nbd2 Nbd7 9. c4 e6 10. Re1 Rc8 11. cxd5 exd5 12. Nb1 Ne4 13. Nfd2 c5 14. Nxe4 dxe4 15. Na3 Qf6 16. e3 Rfd8 17. Qe2 Qe7 18. Red1 Nb8 19. dxc5 Qxc5 20. Bxg7 Kxg7 21. Rxd8 Rxd8 22. Qb2+ Kg8 23. Nc4 Na6 24. Ne5 Nb4 25. Ng4 Nd3 26. Nh6+ Kf8 27. Qf6 Rd7 28. Qh8+ Ke7 29. Ng8+ Kd6 30. Qf6+ Kc7 31. Qh8 1/2-1/2

[Event "Auckland Anniversary op"]
[Site "Auckland"]
[Date "2023.01.28"]
[Round "1"]
[White "Zhao, Oliver"]
[Black "Shoker, Samy"]
[Result "0-1"]
[WhiteElo "1264"]
[BlackElo "2491"]
[PlyCount "54"]
[EventDate "2023.01.28"]
[EventType "swiss"]
[EventRounds "6"]
[EventCountry "NZL"]
[SourceTitle "EXT 2024"]
[Source "ChessBase"]
[SourceDate "2023.10.10"]
[SourceVersion "1"]
[SourceVersionDate "2023.10.10"]
[SourceQuality "1"]

1. e4 d6 2. d4 Nf6 3. Nc3 g6 4. Nf3 Bg7 5. Bc4 0-0 6. h3 Nc6 7. Be3 a6 8. a4 Nxe4 9. Nxe4 d5 10. Bxd5 Qxd5 11. Nc3 Qc4 12. Qd2 e5 13. d5 Nd4 14. Bxd4 exd4 15. Ne2 Re8 16. Rd1 Bf5 17. b3 Qxc2 18. Nfxd4 Bxd4 19. Qxc2 Bxf2+ 20. Kxf2 Bxc2 21. Rc1 Bxb3 22. Rxc7 Bxd5 23. Nf4 Bc6 24. Nd3 Rad8 25. Nb4 Rd2+ 26. Kg3 Rxg2+ 27. Kh4 Re4# 0-1

[Event "NZL-ch op-B 130th"]
[Site "Wellington"]
[Date "2023.01.03"]
[Round "2"]
[White "Zhang, Franklyn"]
[Black "Zhao, Oliver"]
[Result "0-1"]
[WhiteElo "1044"]
[BlackElo "1470"]
[PlyCount "116"]
[EventDate "2023.01.02"]
[EventType "swiss"]
[EventRounds "9"]
[EventCountry "NZL"]
[SourceTitle "CBM 212 Extra"]
[Source "ChessBase"]
[SourceDate "2023.03.31"]
[SourceVersion "1"]
[SourceVersionDate "2023.03.31"]
[SourceQuality "1"]

1. e4 c5 2. Nf3 d6 3. Bc4 Nc6 4. Nc3 Nf6 5. a3 Bg4 6. h3 Bxf3 7. Qxf3 a6 8. d3 Nd4 9. Qd1 e6 10. Ne2 Nc6 11. Bg5 Be7 12. c3 h6 13. Bc1 d5 14. Bb3 dxe4 15. dxe4 Qxd1+ 16. Bxd1 Nxe4 17. 0-0 0-0 18. Bc2 Nf6 19. Rd1 Rad8 20. Be3 Nd5 21. Be4 f5 22. Bxd5 exd5 23. Nf4 Rd7 24. Nxd5 Rfd8 25. Nxe7+ Nxe7 26. Rxd7 Rxd7 27. Bxc5 Ng6 28. b4 Nf4 29. Kf1 Nd3 30. Ke2 Nxc5 31. bxc5 Rc7 32. Kd3 Rxc5 33. Kd4 Rb5 34. Ra2 Kf7 35. c4 Rb6 36. c5 Rb1 37. Kd5 Rd1+ 38. Kc4 Ke6 39. Kb4 Kd5 40. Rc2 Rb1+ 41. Ka4 Rb5 42. f3 Rxc5 43. Rxc5+ Kxc5 44. Ka5 g5 45. a4 h5 46. g3 Kc6 47. g4 fxg4 48. fxg4 hxg4 49. hxg4 b5 50. axb5+ axb5 51. Kb4 Kd5 52. Kxb5 Ke4 53. Kc4 Kf4 54. Kd3 Kxg4 55. Ke3 Kh3 56. Kf2 g4 57. Kg1 Kg3 58. Kh1 Kf2 0-1

[Event "North Island-ch"]
[Site "Auckland"]
[Date "2022.07.17"]
[Round "9"]
[White "De Maupeou D'Ableiges, Alexandre"]
[Black "Zhao, Oliver"]
[Result "1-0"]
[WhiteElo "1532"]
[BlackElo "1216"]
[PlyCount "103"]
[EventDate "2022.07.14"]
[EventType "swiss"]
[EventRounds "9"]
[EventCountry "NZL"]
[SourceTitle "EXT 2024"]
[Source "ChessBase"]
[SourceDate "2023.10.10"]
[SourceVersion "1"]
[SourceVersionDate "2023.10.10"]
[SourceQuality "1"]

1. d4 d5 2. Bf4 Nf6 3. e3 Bf5 4. Bd3 Bg6 5. Nf3 Nbd7 6. Nbd2 Bxd3 7. cxd3 e6 8. Qb3 b6 9. Rc1 c5 10. dxc5 Bxc5 11. d4 Be7 12. Bc7 Qc8 13. 0-0 0-0 14. Bxb6 Qa6 15. Bc7 Bd6 16. Bxd6 Qxd6 17. Rc2 Rab8 18. Qd3 Rfc8 19. Rfc1 Qf8 20. Nb3 Ne4 21. Nfd2 Ndf6 22. f3 Nd6 23. e4 dxe4 24. fxe4 Nb7 25. Qa6 Rxc2 26. Rxc2 Ng4 27. Rc7 Nd6 28. h3 Nh6 29. Rd7 Ne8 30. Qxa7 Nf6 31. Rb7 Ra8 32. Qb6 g5 33. a4 g4 34. hxg4 Nhxg4 35. a5 Qh6 36. Rb8+ Rxb8 37. Qxb8+ Kg7 38. Qg3 Qg6 39. a6 Nxe4 40. Qf3 Nxd2 41. Nxd2 h5 42. a7 Qc2 43. Nf1 Qxb2 44. a8Q Qxd4+ 45. Ne3 Nxe3 46. Qae4 Qa1+ 47. Kh2 Nf1+ 48. Kh3 Nd2 49. Qg3+ Kf8 50. Qb4+ Ke8 51. Qgb8+ Kd7 52. Q4d6# 1-0

[Event "North Island-ch"]
[Site "Auckland"]
[Date "2022.07.15"]
[Round "4"]
[White "Zhao, Oliver"]
[Black "Mironov, Eric"]
[Result "0-1"]
[WhiteElo "1216"]
[BlackElo "1435"]
[PlyCount "126"]
[EventDate "2022.07.14"]
[EventType "swiss"]
[EventRounds "9"]
[EventCountry "NZL"]
[SourceTitle "EXT 2024"]
[Source "ChessBase"]
[SourceDate "2023.10.10"]
[SourceVersion "1"]
[SourceVersionDate "2023.10.10"]
[SourceQuality "1"]

1. e4 d5 2. exd5 Qxd5 3. Nc3 Qd6 4. Nf3 Nf6 5. Be2 a6 6. 0-0 Nbd7 7. d4 b5 8. a3 Bb7 9. h3 e6 10. Be3 Be7 11. Qd2 0-0 12. Rfd1 Rfd8 13. Nh2 Nd5 14. Nxd5 Bxd5 15. Rac1 Nb6 16. Bf4 Qd7 17. Ng4 c5 18. dxc5 Nc4 19. Bxc4 bxc4 20. Qc3 Bxc5 21. Ne5 Qb5 22. b3 cxb3 23. cxb3 Rac8 24. a4 Qb6 25. Qg3 Bf8 26. Rxc8 Rxc8 27. Bh6 Qc7 28. Rc1 Qb8 29. Rxc8 Qxc8 30. Ng4 Qd8 31. Bf4 Kh8 32. Be5 f6 33. Bf4 e5 34. Bc1 Qb6 35. Qd3 Bxb3 36. Be3 Qb7 37. Qd8 Kg8 38. Bc5 Qf7 39. Bxf8 Qxf8 40. Qxf8+ Kxf8 41. a5 Ke7 42. Kf1 Kd6 43. Ke2 Kc5 44. Ne3 Kb4 45. Nf5 g6 46. Ne7 Kxa5 47. Nc8 Kb4 48. Nd6 Bd5 49. Ne8 f5 50. Nf6 Bc6 51. Nxh7 Bxg2 52. h4 a5 53. Kd2 Kb3 54. Kc1 Be4 55. Ng5 a4 56. Nxe4 fxe4 57. Kb1 Kc3 58. Ka2 Kd2 59. Ka3 Ke2 60. Kxa4 Kxf2 61. Kb3 e3 62. Kc4 e2 63. Kd5 e1Q 0-1